[Event "Cappelle op"]
[Site "Cappelle la Grande"]
[Date "1991.??.??"]
[Round "5"]
[White "Plachetka, Jan"]
[Black "Lalic, Susan"]
[Result "1-0"]
[WhiteElo "2425"]
[BlackElo "2300"]

1.c4 e6 2.Nf3 d5 3.g3 Nf6 4.Bg2 c5 5.O-O Be7 6.d4 O-O 7.dxc5 Bxc5 8.Nc3 Nc6
9.cxd5 exd5 10.Bg5 d4 11.Bxf6 Qxf6 12.Nd5 Qd8 13.Nd2 a6 14.Rc1 Ba7 15.Nb3 Qd6
16.Qd2 Re8 17.Rfe1 Bf5 18.Qf4 Re5 19.e4 dxe3 20.Nxe3 Rae8 21.Bxc6 bxc6 22.Na5 Qd2
23.Nac4 Rxe3 24.fxe3 Qd5 25.Rcd1 Bd3 26.Ne5 Rxe5 27.Rxd3 Qxd3 28.Qxe5 h6
29.Kf2 Qc4 30.h3 Qc2+ 31.Re2 Qg6 32.Kg2 Kh7 33.e4 Kg8 34.Rd2 Bb6 35.Qf5 Qxf5
36.exf5 Bc5 37.Rc2  1-0

[Event "POL-ch"]
[Site "Cetniewo"]
[Date "1991.??.??"]
[Round "4"]
[White "Staniszewski, Piotr"]
[Black "Matlak, Marek"]
[Result "1/2-1/2"]
[WhiteElo "2385"]
[BlackElo "2405"]

1.c4 e6 2.Nf3 d5 3.d4 c6 4.Nbd2 Nf6 5.e3 Nbd7 6.Bd3 Bd6 7.O-O O-O 8.e4 e5
9.cxd5 cxd5 10.exd5 exd4 11.Ne4 Ne5 12.Nxd6 Qxd6 13.Nxe5 Qxe5 14.Bc4 Re8
15.Bd2 Ng4 16.g3 Bd7 17.Bf4 Qf6 18.Qd2 h6 19.h4 Ne5 20.Bxe5 Rxe5 21.Rfe1 Rae8
22.Rxe5 Qxe5 23.a4 Bf5 24.b3 d3 25.Rd1 Qd4 26.Qf4 Qxf4 27.gxf4 Rd8 28.f3 Kf8  1/2-1/2

[Event "Chiasso op"]
[Site "Chiasso"]
[Date "1991.??.??"]
[Round "2"]
[White "Zueger, Beat"]
[Black "Costa, Jean Luc"]
[Result "1/2-1/2"]
[WhiteElo "2425"]
[BlackElo "2405"]

1.c4 e6 2.Nf3 d5 3.d4 Nf6 4.Nc3 Nbd7 5.Bg5 c6 6.e3 Qa5 7.Nd2 Ne4 8.Ndxe4 dxe4
9.Bh4 Bb4 10.Qc2 Bxc3+ 11.bxc3 b6 12.Be2 Bb7 13.O-O c5 14.d5 O-O 15.Rfd1 exd5
16.cxd5 Rae8 17.Rab1 Ba6 18.c4 Bc8 19.d6 f6 20.Bg4  1/2-1/2

[Event "DEN-chT"]
[Site "DEN"]
[Date "1991.??.??"]
[Round "5"]
[White "Berg, Klaus"]
[Black "Sorensen, Bent"]
[Result "1-0"]
[WhiteElo "2420"]
[BlackElo "2305"]

1.c4 e6 2.Nf3 d5 3.d4 c6 4.e3 Nf6 5.Nbd2 Nbd7 6.b3 Bd6 7.Bb2 O-O 8.Bd3 Qe7
9.O-O e5 10.e4 dxe4 11.Nxe4 Nxe4 12.Bxe4 f5 13.dxe5 Bxe5 14.Bd5+ cxd5 15.Qxd5+ Kh8
16.Bxe5 Nxe5 17.Qxe5 Qxe5 18.Nxe5 f4 19.Rad1 Bf5 20.Rfe1 Kg8 21.f3 Rae8 22.Kf2 Re7
23.c5 Rc8 24.b4 Bc2 25.Nc4 Kf8 26.Rd4 g5 27.h4 h6 28.Rd6 b6 29.Rxh6 Rxe1
30.Kxe1 Kg7 31.Nd6 Rb8 32.hxg5 bxc5 33.bxc5 Rb1+ 34.Kd2  1-0

[Event "Telecom op"]
[Site "Dublin"]
[Date "1991.??.??"]
[Round "?"]
[White "Ludgate, Alan"]
[Black "Kaidanov, Grigory S"]
[Result "1/2-1/2"]
[WhiteElo "2255"]
[BlackElo "2540"]

1.c4 e6 2.Nf3 d5 3.b3 Nf6 4.g3 c5 5.e3 Nc6 6.Bg2 e5 7.cxd5 Nxd5 8.Nc3 Ndb4
9.O-O Bg4 10.h3 Bh5 11.g4 Bg6 12.Ne1 h5 13.f3 Be7 14.Ba3 Qd7 15.Ne4 Rd8 16.Bxb4 cxb4
17.d3 hxg4 18.hxg4 Bxe4 19.fxe4 Bc5 20.Qe2 Nd4 21.Qf2 f6 22.Nf3 Qxg4 23.exd4 Rxd4
24.Rac1 Bb6 25.Nh2 Qh5 26.Bf3 Qg5+ 27.Kh1 Rxd3 28.Qg2 Qxg2+ 29.Bxg2 Ke7 30.Rf3 Rd2
31.Rh3 Rhd8 32.Bf1 Rxa2 33.Rg3 Kf8 34.Rg2 Rxg2 35.Kxg2 Rd2+ 36.Kh1 Rd4 37.Rc4 Rd2
38.Nf3 Rf2 39.Bg2 g5 40.Nh2 Rb2 41.Rxb4 Kg7 42.Bh3 Rb1+ 43.Kg2 Rg1+ 44.Kf3 Rh1
45.Kg2 Rg1+ 46.Kf3 Rh1 47.Kg2  1/2-1/2

[Event "FRA-chT"]
[Site "FRA"]
[Date "1991.??.??"]
[Round "?"]
[White "Murrey, Jacob"]
[Black "Guigonis, Dominique"]
[Result "1-0"]
[WhiteElo "2440"]
[BlackElo "2090"]

1.c4 e6 2.Nf3 d5 3.g3 Nd7 4.Bg2 dxc4 5.Qa4 a6 6.Qxc4 b5 7.Qc2 Bb7 8.a4 Bc5
9.Nc3 b4 10.Ne4 Ba7 11.O-O Ngf6 12.d3 Rc8 13.Nfd2 Bd5 14.Nc4 O-O 15.Bd2 Qe7
16.Na5 c6 17.Nxf6+ Nxf6 18.e4 Bb6 19.exd5 cxd5 20.Nc6 Qb7 21.Rac1 a5 22.Be3 Kh8
23.Bxb6 Qxb6 24.Qc5 Qxc5 25.Rxc5 Rc7 26.Rfc1 Nd7 27.R5c2 g6 28.d4 b3 29.Rc3 Rfc8
30.Bf1  1-0

[Event "Gausdal Int"]
[Site "Gausdal"]
[Date "1991.??.??"]
[Round "8"]
[White "Ilinsky, Vladimir"]
[Black "Bykhovsky, Avigdor"]
[Result "1-0"]
[WhiteElo "2350"]
[BlackElo "2500"]

1.c4 e6 2.Nf3 d5 3.g3 dxc4 4.Qa4+ Bd7 5.Qxc4 c5 6.Ne5 Nc6 7.Nxd7 Qxd7 8.Bg2 Rc8
9.Qa4 Nf6 10.Nc3 Be7 11.O-O O-O 12.d3 Rfd8 13.Bf4 h6 14.Rfc1 b6 15.Rab1 Nd5
16.Bd2 Nd4 17.Qxd7 Rxd7 18.Nxd5 exd5 19.Kf1 f5 20.b4 Ne6 21.bxc5 Bxc5 22.Bh3 Rf8
23.Bb4 d4 24.a4 Rd6 25.Bxc5 Nxc5 26.a5 f4 27.axb6 axb6 28.Rc4 f3 29.Bg4 fxe2+
30.Kxe2 g5 31.Rbb4 Re8+ 32.Kf1 Red8 33.Bf5 Kg7 34.Rb5 Rf6 35.g4 h5 36.h3 hxg4
37.hxg4 Rh6 38.Rcb4 Rdd6 39.Rc4 Kf6 40.Rb2 Ke5 41.Re2+ Kf6 42.Kg2 Rh8 43.Rb4 Kf7
44.Ra2 Kf6 45.Kg3 Rb8 46.Rb5 Rc6 47.Ra1 Rd8 48.Rh1 Rdd6 49.Rh7 Nxd3 50.Bxd3 Rc3
51.Kf3 Rxd3+ 52.Ke4 Rd2 53.Rf5+ Ke6 54.Re5+ Kf6 55.Rh6+  1-0

[Event "GER CupT"]
[Site "GER"]
[Date "1991.??.??"]
[Round "?"]
[White "Reich, Thomas"]
[Black "Ruf, Matthias"]
[Result "1-0"]
[WhiteElo "2410"]
[BlackElo "2425"]

1.c4 e6 2.Nf3 d5 3.g3 Nf6 4.Bg2 Be7 5.O-O O-O 6.b3 d4 7.e3 c5 8.exd4 cxd4
9.Re1 Nc6 10.a3 a5 11.Bb2 Ne8 12.Ne5 Nxe5 13.Rxe5 Nc7 14.d3 f6 15.Re1 Rb8
16.Nd2 e5 17.Qe2 Re8 18.Bc1 Bf8 19.Ne4 Ne6 20.f4 exf4 21.gxf4 Bd7 22.Qf2 Bc6
23.f5 Nc5 24.Nxc5 Bxc5 25.Bd2 Qc7 26.Bf4 Bd6 27.Bxd6 Qxd6 28.Qg3 Re5 29.Rxe5 fxe5
30.Re1 Re8 31.h4 h6 32.Qg6 Qxg6 33.fxg6 Bxg2 34.Kxg2 h5 35.Kf3 Re6 36.Rg1 Rb6
37.b4 axb4 38.axb4 Rxb4 39.Ke4 Rb3 40.Rg5 Rb1 41.Kxe5  1-0

[Event "BL2-W9091"]
[Site "Germany"]
[Date "1991.??.??"]
[Round "?"]
[White "Jackelen, Thomas"]
[Black "Sehner, Norbert"]
[Result "1/2-1/2"]
[WhiteElo "2365"]
[BlackElo "2420"]

1.c4 e6 2.Nf3 d5 3.d4 c6 4.e3 f5 5.Bd3 Nf6 6.O-O Bd6 7.b3 Qe7 8.Bb2 O-O 9.Qc1 dxc4
10.bxc4 c5 11.Nc3 Nc6 12.a3 b6 13.Qc2 Bb7 14.h3 Rad8 15.Rad1 Bb8 16.d5 Ne5
17.Nxe5 Bxe5 18.dxe6 Qxe6 19.Rd2 Ne4 20.Nxe4 fxe4 21.Be2 Rxd2 22.Qxd2 Bxb2
23.Qxb2 Rd8 24.Qc2 Ba6  1/2-1/2

[Event "BL2-W9091"]
[Site "Germany"]
[Date "1991.??.??"]
[Round "?"]
[White "Ruthenberg, Helmut"]
[Black "Huelsmann, Josef"]
[Result "0-1"]
[WhiteElo "2300"]
[BlackElo "2215"]

1.c4 e6 2.Nf3 d5 3.b3 Nf6 4.Bb2 Be7 5.e3 O-O 6.Be2 c5 7.O-O Nc6 8.d3 b6 9.Nbd2 Bb7
10.a3 Qc7 11.Qc2 Rad8 12.Rfd1 Qb8 13.Nf1 Rd7 14.Ng3 Rfd8 15.cxd5 Rxd5 16.d4 cxd4
17.Nxd4 Rc8 18.Qb1 Rdd8 19.Qa2 Ne5 20.Rac1 Ne4 21.Nh5 Nf6 22.Nf4 Ng6 23.Nxg6 hxg6
24.Qa1 Bd5 25.b4 Bd6 26.h3 Qb7 27.Bf1 Ne8 28.f3 Qe7 29.e4 Bb7 30.Qa2 Bf4
31.Rxc8 Rxc8 32.Qb3 Qg5 33.Ne2 Be3+ 34.Kh2 Ba6 35.g3 Bc4 36.Qc3 Ba6 37.Qb3 Bf2
38.f4 Qh5 39.g4 Qh4 40.Rd7 Bxe2 41.Bxe2 Rc2  0-1

[Event "Groningen op"]
[Site "Groningen"]
[Date "1991.??.??"]
[Round "2"]
[White "Schwartzman, Gabriel"]
[Black "Bykhovsky, Anatoly A"]
[Result "1-0"]
[WhiteElo "2360"]
[BlackElo "2445"]

1.c4 e6 2.Nf3 d5 3.g3 Nf6 4.Bg2 Be7 5.O-O O-O 6.b3 c5 7.Bb2 Nc6 8.e3 b6 9.Qe2 Bb7
10.d3 Qc7 11.Nc3 dxc4 12.dxc4 Rad8 13.Rad1 Qb8 14.Rxd8 Rxd8 15.Rd1 Rxd1+
16.Qxd1 h6 17.Ne1 Nb4 18.e4 Kf8 19.e5 Ne8 20.Bxb7 Qxb7 21.f4 g6 22.Nd3 Ng7
23.g4 g5 24.Bc1 gxf4 25.Bxf4 Bg5 26.Bxg5 hxg5 27.Nxb4 cxb4 28.Qd6+ Kg8 29.Qd8+ Kh7
30.Qd3+ Kg8 31.Ne4 Qc7 32.Nxg5 Ne8 33.Nf3 b5 34.cxb5 Qc1+ 35.Kg2 Nc7 36.Qd8+ Kg7
37.Qf6+ Kg8 38.Ng5 Qd2+ 39.Kh3 Qd7 40.Kh4 Nd5 41.Qh6 Qc7 42.Qh7+ Kf8 43.Qh8+ Ke7
44.Qg7  1-0

[Event "Groningen op"]
[Site "Groningen"]
[Date "1991.??.??"]
[Round "7"]
[White "Kengis, Edvins"]
[Black "Klovans, Janis"]
[Result "1/2-1/2"]
[WhiteElo "2575"]
[BlackElo "2385"]

1.c4 e6 2.Nf3 d5 3.b3 Nf6 4.g3 c5 5.Bg2 Nc6 6.O-O d4 7.e3 e5 8.d3 Be7 9.exd4 exd4
10.Na3 O-O 11.Nc2 Bf5 12.Re1 Qd7 13.Bf4 Rae8 14.Ne5 Nxe5 15.Rxe5 Bg4 16.Bf3 Bh3
17.Qd2 b6 18.b4  1/2-1/2

[Event "Hajduszoboszlo zt (Women)"]
[Site "Hajduszoboszlo"]
[Date "1991.??.??"]
[Round "6"]
[White "Ivanka Budinsky, Maria"]
[Black "Gocheva, Rumiana B"]
[Result "1-0"]
[WhiteElo "2300"]
[BlackElo "2235"]

1.Nf3 e6 2.c4 d5 3.e3 g6 4.Be2 Bg7 5.O-O Ne7 6.d4 O-O 7.Nc3 Nbc6 8.h3 b6
9.cxd5 Nxd5 10.Nxd5 Qxd5 11.Nd2 Bb7 12.Bf3 Qd7 13.a3 Na5 14.b4 Bxf3 15.Qxf3 Nc6
16.Bb2 Ne7 17.Rac1 c6 18.Rc2 Rac8 19.Rfc1 f5 20.g3 Bh6 21.Nc4 Bg7 22.Qe2 Qd5
23.a4 Rfd8 24.Nd2 Qd7 25.b5 cxb5 26.axb5 Rxc2 27.Rxc2 Rc8 28.Rxc8+ Nxc8 29.Ba3 Bf8
30.Bxf8 Kxf8 31.Nb1 Qc7 32.Qb2 Ke7 33.Nc3 g5 34.Ne2 Nd6 35.d5 Qc4 36.Qg7+ Nf7
37.dxe6 Qxe6 38.Nd4 Qe4 39.Qxh7 Kf6 40.Kh2 Qd3 41.g4  1-0

[Event "CUB-ch"]
[Site "Holguin"]
[Date "1991.??.??"]
[Round "1"]
[White "Hernandez, Roman"]
[Black "Leyva, Hector"]
[Result "1/2-1/2"]
[WhiteElo "2445"]
[BlackElo "2380"]

1.c4 e6 2.Nf3 d5 3.g3 Nf6 4.Bg2 Be7 5.O-O O-O 6.d4 dxc4 7.Qa4 a6 8.Qxc4 b5
9.Qc2 Bb7 10.Bf4 Nc6 11.Rd1 Nb4 12.Qc1 Nbd5 13.Nc3 Nxf4 14.Qxf4 Rc8 15.a3 Bd6
16.Qh4 Be7 17.Qf4 Bd6 18.Qh4 Be7  1/2-1/2

[Event "CUB-ch"]
[Site "Holguin"]
[Date "1991.??.??"]
[Round "3"]
[White "Alonso, Rene"]
[Black "Guerra, Pablo"]
[Result "1/2-1/2"]
[WhiteElo "2355"]
[BlackElo "2335"]

1.c4 e6 2.Nf3 d5 3.d4 c6 4.e3 Nf6 5.Nbd2 Nbd7 6.Bd3 Bd6 7.O-O O-O 8.e4 dxe4
9.Nxe4 Nxe4 10.Bxe4 h6 11.Bc2 e5 12.Qd3 f5 13.c5 Bc7 14.dxe5 Nxe5 15.Qb3+ Kh8
16.Bf4 Be6 17.Qc3 Nxf3+ 18.Qxf3 Bd5 19.Bxc7 Qxc7 20.Qc3 Rae8 21.Rfe1 Qf7
22.f3 Qg6 23.Bb3 Qf7 24.Rad1 Rxe1+ 25.Rxe1 Bxb3 26.Qxb3 Qxb3 27.axb3 Rd8
28.Re7 b6 29.b4 Rd1+ 30.Kf2 Rd2+ 31.Re2 Rd4 32.b5 cxb5 33.cxb6 axb6 34.Ke3 Rd5
35.Rd2 Rc5 36.b4 f4+ 37.Kxf4 Rc4+ 38.Kf5 Kh7  1/2-1/2

[Event "CUB-ch"]
[Site "Holguin"]
[Date "1991.??.??"]
[Round "4"]
[White "Gonzalez, Juan Carlos"]
[Black "Alonso, Rene"]
[Result "0-1"]
[WhiteElo "2375"]
[BlackElo "2355"]

1.c4 e6 2.Nf3 d5 3.d4 Nf6 4.Nc3 Nbd7 5.Qd3 dxc4 6.Qxc4 c5 7.Be3 Nb6 8.Qb3 c4
9.Qc2 Bb4 10.Bg5 Bd7 11.Nd2 Rc8 12.e3 O-O 13.Be2 h6 14.Bh4 Nbd5 15.Bxf6 Qxf6
16.Bxc4 Bxc3 17.bxc3 b5 18.Bxd5 exd5 19.Nb3 b4 20.Nc5 Bf5 21.Qd2 bxc3 22.Qxc3 Qg6
23.Kf1 Rb8 24.f3 Rb5 25.Kf2 Rfb8 26.Rad1 Qf6 27.Rhf1 Rxc5 28.Qxc5 Rb2+ 29.Kg1 Qg5
30.Rf2 Qxe3 31.Rf1 Bd3 32.g3 Rc2 33.Qa3 Qxd4 34.Qb3 Rc3 35.Qb8+ Kh7 36.Qb2 Bxf1
37.Kxf1 Qc4+ 38.Kg2 d4 39.Qb7 Ra3 40.h4 d3 41.Qe4+ Qxe4 42.fxe4 Kg6 43.Rd2 Kf6
44.Kf3 Ke5 45.Ke3 f5 46.exf5 Kxf5  0-1

[Event "CUB-ch"]
[Site "Holguin"]
[Date "1991.??.??"]
[Round "4"]
[White "Perez, Rodney"]
[Black "Leyva, Hector"]
[Result "1-0"]
[WhiteElo "2265"]
[BlackElo "2380"]

1.c4 e6 2.Nf3 d5 3.g3 Nf6 4.Bg2 Be7 5.O-O O-O 6.b3 a5 7.Nc3 c6 8.d4 Nbd7
9.Qc2 b6 10.Rd1 Ba6 11.e4 dxc4 12.bxc4 Bxc4 13.e5 Nd5 14.Ne4 b5 15.Neg5 g6
16.h4 Qb6 17.h5 Rfc8 18.Qe4 Nc3 19.Qh4 Nf8 20.hxg6 fxg6 21.Re1 Ne2+ 22.Rxe2 Bxe2
23.Qf4 Bxg5 24.Nxg5 Qb7 25.Ne4 Qg7 26.Qh4 Rc7 27.Bg5 Bc4 28.Nf6+ Kh8 29.Be4 Qf7
30.Ng4 Nd7 31.Nh6 Qe8 32.Bxc6 Qf8 33.Bxa8 Qxa8 34.Bf6+ Nxf6 35.Qxf6+ Rg7
36.d5 Bxd5 37.Rc1 Bc6 38.Rxc6  1-0

[Event "Kecskemet Szechenyi"]
[Site "Kecskemet"]
[Date "1991.??.??"]
[Round "1"]
[White "Reich, Thomas"]
[Black "Lukacs, Peter"]
[Result "0-1"]
[WhiteElo "2400"]
[BlackElo "2500"]

1.c4 e6 2.Nf3 d5 3.g3 dxc4 4.Qa4+ Nd7 5.Qxc4 b6 6.Bg2 Bb7 7.O-O Ngf6 8.Qc2 c5
9.b3 Be7 10.Bb2 O-O 11.d3 Rc8 12.Nbd2 Rc7 13.Rfc1 Qa8 14.Qd1 Rcc8 15.e4 Rfd8
16.Qe2 Ne8 17.h4 Nb8 18.Ne5 Nc6 19.Ndf3 Nxe5 20.Nxe5 Bf6 21.g4 Ba6 22.Rd1 Rc7
23.Nxf7 Rxf7 24.e5 Bb7 25.Bxb7 Qxb7 26.exf6 Nxf6 27.d4 Ne4 28.dxc5 Rdf8 29.c6 Qxc6
30.Rac1 Qb7 31.Bd4 Rf3 32.Rd3 Rxd3 33.Qxd3 Qd5 34.Qc4 Qxc4 35.bxc4 Rf4 36.Kg2 Rxg4+
37.Kh3 Rf4 38.Be3 Rf5 39.Kg2 Ra5 40.Kf3 Nd6 41.c5 bxc5 42.Rxc5 Rxa2 43.Rc6 Nf5
44.Rxe6 Nxh4+ 45.Kg4 Ng6 46.Re8+ Kf7 47.Ra8 Ra4+ 48.f4 a6 49.Bd2 Ne5+ 50.Kf5 Nc6
51.Kg5 h6+ 52.Kh5 Ra2 53.Bc3 Rc2 54.Ba1 a5 55.Rc8 Nd4 56.Ra8 g6+ 57.Kg4 h5+
58.Kh3 Nc6 59.Kh4 Rc4 60.Kg5 Rc5+ 61.Kh4 Rc1 62.Bb2 Rh1+ 63.Kg3 Rb1 64.Bh8 Rb8
65.Ra6 Rxh8  0-1

[Event "JUG-ch"]
[Site "Kladovo"]
[Date "1991.??.??"]
[Round "9"]
[White "Cvetkovic, Srdjan"]
[Black "Miljanic, Boro"]
[Result "1/2-1/2"]
[WhiteElo "2470"]
[BlackElo "2390"]

1.c4 e6 2.Nf3 d5 3.d4 c5 4.cxd5 exd5 5.Nc3 Nc6 6.Bg5 Be7 7.Bxe7 Ngxe7 8.e3 c4
9.b3 b5 10.bxc4 bxc4 11.Be2 O-O 12.O-O Qa5 13.Rc1 Bf5 14.Ne5 Rfd8 15.g4 Be6
16.Nxc6 Nxc6 17.Qd2 Rab8 18.Rb1 f6  1/2-1/2

[Event "Leningrad op"]
[Site "Leningrad"]
[Date "1991.??.??"]
[Round "?"]
[White "Donchenko, Anatoly G"]
[Black "Sveshnikov, Evgeny"]
[Result "0-1"]
[WhiteElo "2360"]
[BlackElo "2510"]

1.c4 e6 2.Nf3 d5 3.d4 Nf6 4.e3 c5 5.dxc5 Bxc5 6.a3 O-O 7.b4 Be7 8.Bb2 a5
9.b5 Nbd7 10.Nbd2 b6 11.cxd5 Nxd5 12.Be2 Bb7 13.O-O Rc8 14.Rc1 Bf6 15.Nd4 Qe7
16.Ne4 Be5 17.Bf3 Nc5 18.Nc6 Bxc6 19.Bxe5 Bxb5 20.Bd6 Qd7 21.Bxf8 Nxe4 22.Rxc8 Qxc8
23.Bxg7 Kxg7 24.Bxe4 Bxf1 25.Qxf1 Qc3 26.Bxd5 exd5 27.a4 d4 28.Qd1 d3 29.Kf1 Kf8
30.f3 Ke7 31.Qe1 d2 32.Qh4+ Ke8 33.Ke2 Qc1  0-1

[Event "Leningrad op"]
[Site "Leningrad"]
[Date "1991.??.??"]
[Round "?"]
[White "Nikolaev, Sergej"]
[Black "Sveshnikov, Evgeny"]
[Result "1/2-1/2"]
[WhiteElo "2450"]
[BlackElo "2510"]

1.c4 e6 2.Nf3 d5 3.d4 Nf6 4.e3 c5 5.Nc3 Nc6 6.a3 cxd4 7.exd4 Be7 8.Bd3 dxc4
9.Bxc4 O-O 10.O-O a6 11.Bg5 b5 12.Ba2 b4 13.Na4 bxa3 14.bxa3 Ra7 15.Rc1 Rc7
16.Bf4 Bd6 17.Ne5 Ne7 18.Nc5 Ned5 19.Bg5 Rxc5 20.Rxc5 Bxc5 21.dxc5 Qa5 22.Qc1 Nc3
23.Bc4 Nfd5 24.Bd2  1/2-1/2

[Event "Lenk op"]
[Site "Lenk"]
[Date "1991.??.??"]
[Round "5"]
[White "Zueger, Beat"]
[Black "Tukmakov, Vladimir B"]
[Result "1-0"]
[WhiteElo "2425"]
[BlackElo "2520"]

1.c4 e6 2.Nf3 d5 3.d4 Nf6 4.Nc3 dxc4 5.e4 Bb4 6.Bg5 b5 7.a4 c6 8.e5 h6 9.exf6 hxg5
10.fxg7 Rg8 11.h4 gxh4 12.Rxh4 Qf6 13.Qc2 Nd7 14.axb5 cxb5 15.Qe4 Rb8 16.Rxa7 Qxg7
17.Rh7 Qg4 18.Qxg4 Rxg4 19.Ne5 Nxe5 20.dxe5 Rb7 21.Ra8 Rc7 22.Be2 Re4 23.Rh5 Ke7
24.f3 Rd4 25.Rh8 Bd7 26.Kf1 Bxc3 27.bxc3 Rd2 28.Ke1 Rb2 29.f4 b4 30.Bh5 bxc3
31.Rhf8 Rc8 32.Rxf7+ Kd8 33.Ra7 Rc7 34.Ra8+ Rc8 35.Ra7 Rc7 36.Ra8+  1-0

[Event "Lenk"]
[Site "Lenk"]
[Date "1991.??.??"]
[Round "6"]
[White "Maeser, Fabian"]
[Black "Blatny, Pavel"]
[Result "1/2-1/2"]
[WhiteElo "2340"]
[BlackElo "2495"]

1.c4 e6 2.Nf3 d5 3.g3 dxc4 4.Qa4+ Nd7 5.Qxc4 a6 6.Bg2 b5 7.Qc2 Bb7 8.O-O c5
9.b3 Be7 10.Bb2 Bf6 11.d3 Bxb2 12.Qxb2 Qf6 13.Qxf6 Ngxf6 14.Nbd2 Ke7 15.d4 Rac8
16.Rac1 Rhd8 17.Rfd1 Bxf3 18.Nxf3 c4 19.bxc4 Rxc4 20.Rxc4 bxc4 21.Rc1 Rc8
22.Nd2 c3 23.Nb1 c2 24.Na3 Rc3 25.Nxc2 Nb6 26.Kf1 Nc4 27.Ke1 Nd6 28.Kd2 Rc7
29.Kd3 Nb5 30.h3 Rc3+ 31.Kd2 Rc4  1/2-1/2

[Event "Lenk"]
[Site "Lenk"]
[Date "1991.??.??"]
[Round "8"]
[White "Ballmann, Martin"]
[Black "Blatny, Pavel"]
[Result "1/2-1/2"]
[WhiteElo "2305"]
[BlackElo "2495"]

1.c4 e6 2.Nf3 d5 3.b3 b6 4.g3 Bb7 5.Bg2 Be7 6.Bb2 Bf6 7.Bxf6 Nxf6 8.cxd5 exd5
9.d4 O-O 10.O-O Nbd7 11.Nc3 Re8 12.Rc1 a6 13.e3 Rc8 14.Re1 c5 15.dxc5 bxc5
16.Re2 Rc7 17.Rec2 Qa8 18.Na4 Qa7 19.Ne1 Rec8 20.Nd3 c4 21.Nb4 Qa8 22.Nd3 Bc6
23.Ndb2 cxb3 24.axb3 Qa7 25.Nc5 Nxc5 26.Rxc5 Bb5 27.Rxc7 Rxc7 28.Nd3 Rxc1
29.Nxc1 Qc5 30.Nd3 Bxd3 31.Qxd3 a5 32.Bf3 Kf8 33.Qa6 h5 34.h4 Kg8 35.Kg2 Kh7
36.Qb7 Kg6 37.Qa6 Kh6 38.Qb7 Kg6 39.Qa6 Kh7 40.Qd3+ g6 41.Qd4 Qxd4 42.exd4 Kg7
43.Kf1 Kf8 44.Ke2 Ke7 45.Ke3 Ke6 46.Kf4 Ne8 47.Be2 Nc7 48.f3 Kf6 49.Ke3 Ne8
50.g4 Ng7 51.Ba6 g5 52.hxg5+ Kxg5 53.Bb7 h4 54.Bxd5 f5 55.Bc6 h3 56.Kf2 fxg4
57.fxg4 Kxg4 58.d5 Nf5 59.Bd7 Kf4 60.Kg1 Ke5 61.Kh2 Nd4 62.Kxh3 Nxb3 63.Kg3 Kxd5
64.Kf2  1/2-1/2

[Event "Wch U20"]
[Site "Mamaia"]
[Date "1991.??.??"]
[Round "?"]
[White "Bathie, Nicol"]
[Black "Mikhalevski, Victor"]
[Result "0-1"]
[WhiteElo "2255"]
[BlackElo "2300"]

1.c4 e6 2.Nf3 d5 3.b3 Nf6 4.Bb2 c5 5.g3 Nc6 6.Bg2 d4 7.d3 e5 8.O-O Bd6 9.e4 h6
10.Nbd2 g5 11.Ne1 Bg4 12.f3 Be6 13.Rf2 h5 14.Nf1 h4 15.Bc1 Nh5 16.g4 Nf4
17.Bxf4 exf4 18.h3 a6 19.Rb2 f6 20.Nc2 Kf7 21.a3 b5 22.Nd2 Rb8 23.Rab1 Qe7
24.Bf1 Rb7 25.Be2 Rhb8 26.Qc1 Ne5 27.Kg2 Qd7 28.Ne1 Be7 29.Kh2 Qd8 30.Kg2 Rb6
31.Kh2 R8b7 32.Kg2 Qb8 33.Qc2 Rc6 34.Kf2 Bd8 35.Kg2 Kg7 36.Kf2 Bg8 37.Kg2 Bf7
38.Qd1 Bc7 39.Qc2 Qd8 40.Kf2 Qe7 41.Kg2 Qf8 42.Qd1 Bd8 43.Nc2 Rc8 44.Kf2 Rcb8
45.Qc1 Ba5 46.cxb5 Bxd2 47.Qxd2 Rxb5 48.Na1 a5 49.Kg2 Qd6 50.Bd1 a4 51.b4 c4
52.dxc4 Nxc4 53.Qd3 Ne3+ 54.Kf2 Bc4  0-1

[Event "Mexico City"]
[Site "Mexico"]
[Date "1991.??.??"]
[Round "2"]
[White "Galan, Antonio"]
[Black "Sieiro Gonzalez, Luis"]
[Result "0-1"]
[WhiteElo "2215"]
[BlackElo "2390"]

1.c4 e6 2.Nf3 d5 3.g3 Nf6 4.Bg2 Be7 5.O-O O-O 6.b3 c5 7.cxd5 exd5 8.d4 Nc6
9.Bb2 Re8 10.h3 Ne4 11.Na3 Bf6 12.Nc2 Bf5 13.Kh2 Rc8 14.Rc1 b5 15.Ne3 Be6
16.Ba1 c4 17.Ne5 Ne7 18.bxc4 bxc4 19.N5xc4 Nxg3 20.fxg3 dxc4 21.Rxf6 gxf6
22.d5 Bd7 23.Bxf6 Qb6 24.Bd4 Qg6 25.g4 Qd6+ 26.Kh1 Ng6 27.Qf1 Qf4 28.Qxf4 Nxf4
29.Rxc4 Rxc4 30.Nxc4 Nxg2 31.Kxg2 Rxe2+ 32.Kf3 Rxa2 33.Ne5 Bb5 34.d6 Kf8
35.h4 Ke8 36.Ke4 a5 37.g5 Rh2 38.Bb6 Rxh4+ 39.Kd5 a4 40.Kc5 Bd7 41.Ba5 Rh5  0-1

[Event "Mexico City"]
[Site "Mexico"]
[Date "1991.??.??"]
[Round "10"]
[White "Almeida Saenz, Alfonso"]
[Black "Remon, Adelquis"]
[Result "0-1"]
[WhiteElo "2280"]
[BlackElo "2470"]

1.c4 e6 2.Nf3 d5 3.d4 c6 4.e3 f5 5.Nc3 Nf6 6.g3 Bd6 7.Bg2 Nbd7 8.O-O O-O
9.Qb3 Qe7 10.Bd2 Kh8 11.Rae1 Ne4 12.Bc1 g5 13.Nd2 g4 14.f3 gxf3 15.Rxf3 Ndf6
16.Ref1 Ng5 17.R3f2 Ng4 18.Re2 b6 19.Qc2 Bb7 20.b3 Rf6 21.Bf3 Raf8 22.Nd1 Qg7
23.Bb2 Kg8 24.Bxg4 fxg4 25.Rxf6 Qxf6 26.c5 Bb8 27.Kg2 Nf3 28.Qd3 Qh6 29.Kh1 Qh3
30.Nxf3 gxf3 31.Rf2 Bxg3 32.Qf1 Qxf1+ 33.Rxf1 Bh4 34.cxb6 axb6 35.Bc3 Ba6
36.Rg1+ Kh8 37.Bb4 Rf5 38.Rg4 f2 39.Nxf2 Bxf2 40.e4 Be2 41.Rg2 dxe4 42.d5 cxd5
43.Bc3+ e5 44.Bxe5+ Rxe5 45.Rxf2 Bf3+ 46.Kg1 e3 47.Rxf3 e2  0-1

[Event "POL-chT"]
[Site "Mikolajki"]
[Date "1991.??.??"]
[Round "2"]
[White "Rotstein, Arkadij"]
[Black "Gleizerov, Evgeny"]
[Result "0-1"]
[WhiteElo "2400"]
[BlackElo "2485"]

1.c4 e6 2.Nf3 d5 3.d4 c6 4.e3 f5 5.g4 Nf6 6.gxf5 exf5 7.Nc3 Be7 8.Bd3 O-O
9.Qc2 Kh8 10.Bd2 Na6 11.a3 Ne4 12.cxd5 cxd5 13.Qb3 Nc7 14.Ne2 Ne6 15.Bb4 Bxb4+
16.Qxb4 f4 17.Bxe4 dxe4 18.Ne5 fxe3 19.fxe3 Ng5 20.O-O-O Nf3 21.Nf4 g5 22.Nd5 a5
23.Qb5 Be6 24.Nc3 Rc8 25.Kb1 Qe7 26.Qxa5 Bb3 27.Nxf3 exf3 28.Rc1 f2  0-1

[Event "Mondorf op"]
[Site "Mondorf"]
[Date "1991.??.??"]
[Round "2"]
[White "Blees, Albert"]
[Black "Flear, Glenn C"]
[Result "1-0"]
[WhiteElo "2380"]
[BlackElo "2515"]

1.c4 e6 2.Nf3 d5 3.d4 Nf6 4.Nc3 c6 5.Bg5 Nbd7 6.cxd5 exd5 7.e3 Be7 8.Qc2 O-O
9.Bd3 Re8 10.O-O Nf8 11.Rab1 Ng6 12.Rfe1 Ne4 13.Bxe7 Qxe7 14.Bxe4 dxe4 15.Nd2 f5
16.d5 Ne5 17.Red1 Qf7 18.dxc6 Nxc6 19.Nb5 Rd8 20.Nc4 Be6 21.Nbd6 Qe7 22.Qa4 Rd7
23.Nb6 Rxd6 24.Nxa8 Rd8 25.Rxd8+ Qxd8 26.b4 Qxa8 27.b5 Ne7 28.Rc1 Qb8 29.h3 Kf7
30.Qa5 Nd5 31.Rc4 Nb6 32.Rd4 Nc4 33.Qa4 Qc7 34.Qxa7 Nd2 35.Qa3 Qc2 36.Qd6 Qb1+
37.Kh2 Nf1+ 38.Kg1 Nxe3+ 39.Kh2 Nf1+ 40.Kg1 Ng3+ 41.Kh2 Ne2 42.Rd1 Qxb5 43.Qc7+ Kf6
44.Rd2 Qc4 45.Qxb7 Nf4 46.Qb2+ Kf7 47.Rc2 Qd5 48.Qb8 Nd3 49.a4 f4 50.a5 Qxa5
51.Rc7+ Kg6 52.Qe8+ Kf6 53.Qf8+ Ke5 54.Qxg7+ Kd5 55.Qg5+  1-0

[Event "FRA-ch Acc"]
[Site "Montpellier"]
[Date "1991.??.??"]
[Round "1"]
[White "Gobe, Patrick"]
[Black "Guyot, Philippe"]
[Result "0-1"]
[WhiteElo "2040"]
[BlackElo "2245"]

1.Nf3 e6 2.c4 d5 3.b3 d4 4.g3 Nc6 5.Bg2 Nf6 6.O-O Bc5 7.d3 O-O 8.Nbd2 e5
9.Ne4 Nxe4 10.dxe4 Be7 11.a3 a5 12.Ne1 Be6 13.Qc2 Qd7 14.Nd3 Bh3 15.Bd2 Bxg2
16.Kxg2 f5 17.f3 fxe4 18.fxe4 Qg4 19.Nc1 Rxf1 20.Kxf1 d3 21.Qxd3 Rd8 22.Qe3 Bc5
23.Qxc5 Rxd2 24.Qe3 Rd1+ 25.Kg2 Qd7 26.Ra2 Qf7  0-1

[Event "FRA-ch Acc"]
[Site "Montpellier"]
[Date "1991.??.??"]
[Round "9"]
[White "Alet, Jean Perre"]
[Black "Zimmermann, Walter"]
[Result "1-0"]
[WhiteElo "2210"]
[BlackElo "2250"]

1.c4 e6 2.Nf3 d5 3.b3 d4 4.Bb2 c5 5.e3 Nc6 6.b4 dxe3 7.fxe3 Nxb4 8.d4 Nf6
9.a3 Na6 10.Nc3 Be7 11.Bd3 Nd7 12.O-O O-O 13.Qc2 g6 14.Rad1 Qe8 15.Ne4 f5
16.Neg5 Bf6 17.Rfe1 Qe7 18.Nh3 e5 19.e4 f4 20.Nxf4 exf4 21.e5 Bh4 22.Nxh4 Qxh4
23.Be4 cxd4 24.Bd5+ Kg7 25.e6 Nf6 26.Bxd4 Re8 27.Qc3 Nc7 28.g3 Qg5 29.Bxb7 Bxb7
30.Bxf6+ Kg8 31.Bxg5 Nxe6 32.Rxe6 Rxe6 33.Rd7  1-0

[Event "Russian Winter op"]
[Site "Moscow"]
[Date "1991.??.??"]
[Round "?"]
[White "Shvedchikov, Anatoli I"]
[Black "Barsov, Alexei"]
[Result "0-1"]
[WhiteElo "2395"]
[BlackElo "2425"]

1.c4 e6 2.Nf3 d5 3.b3 d4 4.e3 c5 5.exd4 cxd4 6.g3 Nc6 7.Bg2 Nf6 8.O-O Bd6
9.d3 O-O 10.Bg5 h6 11.Bxf6 Qxf6 12.a3 a5 13.Ne1 e5 14.Nd2 Qe7 15.Nc2 f5 16.Re1 Qf6
17.Rb1 e4 18.dxe4 f4 19.e5 Bxe5 20.Bd5+ Kh8 21.Ne4 Qg6 22.Qd3 Bf6 23.Kh1 Ne5
24.Qxd4 Nf3 25.Qd3 Qh5 26.h4 Bxh4 27.Kg2 Nxe1+ 28.Rxe1 fxg3 29.fxg3  0-1

[Event "Russian Winter op"]
[Site "Moscow"]
[Date "1991.??.??"]
[Round "?"]
[White "Goldin, Vladimir M"]
[Black "Kadimova, Ilaha"]
[Result "1/2-1/2"]
[WhiteElo "2345"]
[BlackElo "2170"]

1.c4 e6 2.Nf3 d5 3.g3 g6 4.Bg2 Bg7 5.O-O Ne7 6.d4 Nbc6 7.Bg5 O-O 8.cxd5 exd5
9.Qd2 Bg4 10.Bxe7 Nxe7 11.Nc3 c6 12.Rad1 h6 13.Qf4 Be6 14.Na4 b6 15.Ne5 Rc8
16.Nc3 Qc7 17.Rc1 Qb8 18.Rfd1 g5 19.Qd2 Bxe5 20.dxe5 Qxe5 21.f4 gxf4 22.gxf4 Qh5
23.e4 Bg4 24.Re1 dxe4 25.Nxe4 Qg6 26.Qd4 Nd5 27.Rc3 f5 28.Rg3 h5 29.Ng5 Nf6
30.Re7 Rcd8 31.Qc4+ Kh8 32.h3 Rd1+ 33.Kh2 h4 34.Rge3 Bh5 35.Rxa7 Ne4 36.Nxe4 fxe4
37.Qc3+ Qf6 38.Qxf6+ Rxf6 39.Rxe4 Rd2 40.Ree7 Rg6 41.Re8+ Rg8 42.Rxg8+ Kxg8
43.Kg1 Rd1+  1/2-1/2